000 00231nam a2200097Ia 4500
001 704265
005 20250826162407.0
008 250824s9999 xx 000 0 und d
245 0 _aFAUST
_cGOETHE
260 _bANTİK DÜNYA KLASİKLERİ
999 _c704265
_d704265